书目信息 |
| 题名: |
文学对话录
|
|
| 作者: | 杨庆祥 著 | |
| 分册: | ||
| 出版信息: | 南京 江苏凤凰文艺出版社 2021.01 |
|
| 页数: | 288页 | |
| 开本: | 21cm | |
| 丛书名: | ||
| 单 册: | ||
| 中图分类: | I206.5 , I206.6 | |
| 科图分类: | ||
| 主题词: | 中国文学--近代文学--文学评论--文集 , 中国文学--现代文学--文学评论--文集 | |
| 电子资源: | ||
| ISBN: | 978-7-5594-5149-1 | |
| 000 | 00960nam0 2200265 450 | |
| 001 | 0102100445 | |
| 005 | 20210402100825.0 | |
| 010 | @a978-7-5594-5149-1@dCNY42.00 | |
| 100 | @a20210202d2021 em y0chiy50 ea | |
| 101 | 0 | @achi |
| 102 | @aCN@b320000 | |
| 105 | @ay z 000yy | |
| 106 | @ar | |
| 200 | 1 | @a文学对话录@Awen xue dui hua lu@f杨庆祥著 |
| 210 | @a南京@c江苏凤凰文艺出版社@d2021.01 | |
| 215 | @a288页@d21cm | |
| 300 | @a文学的可能 | |
| 330 | @a本书主要内容包括:先锋·民间底层·莫言、我不希望我被放到单一的视角里面去观察、“20世纪中国文学”和20世纪80年代的现代文学研究、知识分子精神与“重写文学史”、历史视野中的“重写文学史”——王晓明答杨庆祥问、《上海文论》和“重写文学史”等。 | |
| 606 | 0 | @a中国文学@x近代文学@x文学评论@j文集 |
| 606 | 0 | @a中国文学@x现代文学@x文学评论@j文集 |
| 690 | @aI206.5@v5 | |
| 690 | @aI206.6@v5 | |
| 701 | 0 | @a杨庆祥@Ayang qing xiang@4著 |
| 801 | 0 | @aCN@bBJSZM@c20210402 |
| 905 | @b1279793-7@dI206.5@e23@f5 | |
| 文学对话录/杨庆祥著.-南京:江苏凤凰文艺出版社,2021.01 |
| 288页;21cm |
| 文学的可能 |
| ISBN 978-7-5594-5149-1:CNY42.00 |
| 本书主要内容包括:先锋·民间底层·莫言、我不希望我被放到单一的视角里面去观察、“20世纪中国文学”和20世纪80年代的现代文学研究、知识分子精神与“重写文学史”、历史视野中的“重写文学史”——王晓明答杨庆祥问、《上海文论》和“重写文学史”等。 |
| ● |
| 相关链接 |
|
|
|
|
正题名:文学对话录
索取号:I206.5/23
 
预约/预借
| 序号 | 登录号 | 条形码 | 馆藏地/架位号 | 状态 | 备注 |
| 1 | 1279793 | 212797936 | 第一样本阅览室/ [索取号:I206.5/23] | 在馆 | |
| 2 | 1279794 | 212797945 | 教育系资料室/ [索取号:I206.5/23] | 在馆 | |
| 3 | 1279795 | 212797954 | 教育系资料室/ [索取号:I206.5/23] | 在馆 | |
| 4 | 1279796 | 212797963 | 第二借阅区/ [索取号:I206.5/23] | 在馆 | |
| 5 | 1279797 | 212797972 | 第二借阅区/ [索取号:I206.5/23] | 在馆 |